000 00797 a2200205 4500
999 _c330155
_d330155
003 NUST
005 20170612105621.0
008 170612b xxu||||| |||| 00| 0 eng d
020 _a8123909179
040 _aDLC
_bDLC
_c0
082 _a560 RAU
100 _aRaup, M. David.
_92427
245 _aPrinciples of Paleontology
_cDavid M. Raup
250 _a2nd Edition
260 _aIndia:
_bCBS Publishers & Distributors,
_c2004.
300 _ax, 481 p.:
_bill;
_c24 cm.
500 _aInclude Index
501 _aP.B
650 _aPaleontology.
_92428
700 _aSteven M. Stanley
_92429
942 _cBK
_k560 RAU
_2ddc